Acerca del humanismo. Humanitas y pensamiento moderno.

保存先:
書誌詳細
第一著者: Toussaint, Stéphane (autor)
その他の著者: Uribe, Ignacio (traducción)
フォーマット: 図書
出版事項: Santiago, Chile: Hueders, 2021.
版:Primera edición
シリーズ:Colección Philosophica
主題:
タグ: タグ追加
タグなし, このレコードへの初めてのタグを付けませんか!

MARC

LEADER 00000nam a22000007a 4500
003 CL-VaPUC
005 20250108095057.0
008 230818t2021 ||||| |||| 00| 0 eng d
999 |c 441594  |d 441592 
020 |a 978-956-365-231-4 
040 |c Pontificia Universidad Católica de Valparaíso 
082 0 4 |2 21  |a 144 TOU 2021 
100 1 |a Toussaint, Stéphane  |e autor  |9 884337 
245 1 0 |a Acerca del humanismo.  |b Humanitas y pensamiento moderno. 
250 |a Primera edición 
260 |a Santiago, Chile:  |b Hueders,  |c 2021. 
300 |a 100 páginas. 
490 0 |a Colección Philosophica  |n  1. 
500 |a c.1-2. Donación. Memo Edu 09/08/2023 
583 |c 20230818  |k Catalogador Asistente 
650 1 |a Humanismo europeo  |9 394991 
650 1 |a Filosofía moderna  |9 258121 
650 1 0 |a Antropología filosófica  |9 265842 
700 |a Uribe, Ignacio  |e traducción  |9 884249 
942 |2 ddc  |c BK  |n 0 
952 |0 0  |1 0  |2 ddc  |4 0  |6 144_000000000000000_TOU_2021  |7 0  |8 A  |9 591282  |a BIBEDU  |b BIBEDU  |d 2023-08-18  |e Donación  |i 5658439  |o 144 TOU 2021  |p 5658439  |r 2023-08-18  |t 1  |w 2023-08-18  |y BK  |k FIL 
952 |0 0  |1 0  |2 ddc  |4 0  |6 144_000000000000000_TOU_2021  |7 0  |8 A  |9 591283  |a BIBEDU  |b BIBEDU  |d 2023-08-18  |e Donación  |i 5658440  |l 1  |o 144 TOU 2021  |p 5658440  |r 2024-03-26  |s 2024-03-21  |t 2  |w 2023-08-18  |y BK  |k FIL